000 02013cam a22005294i 4500
003 PE-LiUPU
005 20250731180124.0
008 150623s r 000 0 d
020 _a0895262762
035 _a(Sirsi) i9780895262769
040 _aPE-LiUPU
_bspa
_cPE-LiUPU
_erda
049 _aPRUA
082 0 4 _a573.2
_bW44
_221
100 1 _aWells, Jonathan,
_eautor.
245 1 0 _aIcons of evolution :
_bscience or myth? why much of what we teach about evolution is wrong /
_cJonathan Wells.
264 1 _aWashington, DC :
_bRegnery Publishing,
_c2000.
300 _a338 páginas :
_bilustraciones, gráficos ;
_c24 centímetros
336 _atext
_2rdacontent
337 _aunmediated
_2rdamedia
338 _avolume
_2rdacarrier
504 _aIncluye bibliografía.
505 0 _aThe miller-Urey experiment Darwin's tree of life. Homolgy in vertebrate limbs. Haeckel's embryos. Archaeopteryx-The missing link. Peppered moths. Darwin's finches. Four-winged fruit flies. Fossil horses and directed evolution. From ape to human: The ultimate lcon. Science or myth?. An evaluation of ten recent biology texbooks. Suggested warning labels for biology textbooks.
526 _aSEG44
526 _aSEG26
526 _aP159
526 _aP155
526 _aP154
526 _aP153
526 _aP150
526 _aP100
526 _aP31
526 _aP30
526 _aP26
526 _aP25
526 _aP24
526 _aP22
526 _aP15
526 _aP10
650 0 4 _aEvolución humana.
650 0 4 _aOrigen del hombre.
942 _2ddc
_cBOOK
949 _a573.2 W44
_wDEWEY
_c1
_i53371
_lCCODEBUL1
_mBUL
_p28.00
_r0
_sY
_tBOOK
_u2015-6-24
_xTEOLOGIA
_PP35
_0COMPRA
_o.STAFF. Colección General
994 _aC0
_bPEPRU
596 _a1
999 _a573.2 W44
_wDEWEY
_c35338
_i53371
_f2021-11-11
_g5
_lCCODEBUL1
_mBUL
_p28.00
_r0
_sY
_tBOOK
_u2015-6-24
_xTEOLOGIA
_PP35
_0COMPRA
_o.STAFF. Colección General
_d35338
980 _81
_gALBERTO SANCHEZ Responsable de Automatización